LEADER 00924nam0-22003251i-450- 001 990003856070403321 005 20060510112119.0 035 $a000385607 035 $aFED01000385607 035 $a(Aleph)000385607FED01 035 $a000385607 100 $a20030910d1956----km-y0itay50------ba 101 0 $aeng 200 1 $aCapital and its structure$fBy L. M. Lachmann 210 $aLondon$cBell & Sons$cThe London School of Economics and Political Science$d1956 215 $aix, 130 p.$d22 cm 610 0 $aCapitale$aFormazione 676 $aG/3.32 700 1$aLachmann,$bLudwig M.$f<1906- >$0124845 801 0$aIT$bUNINA$gRICA$2UNIMARC 901 $aBK 912 $a990003856070403321 952 $aXV O1 7$fDTE 952 $aG/3.32 LAC/56$b012587$fSES 952 $aXV M 594$b66454$fFGBC 959 $aSES 959 $aDTE 959 $aFGBC 996 $aCapital and its structure$9514989 997 $aUNINA LEADER 01007nam0-22003131i-450 001 990004241620403321 005 20180622131239.0 010 $a3-446-19642-0 035 $a000424162 100 $a19990604d1999----km-y0itay50------ba 101 1 $ager$ceng 102 $aDE 105 $ay-------001yy 200 1 $a<>Unsichtbare Mauer$edie dreihundertjährige Geschichte einer deutsch-jüdischen Familie$fW. Michael Blumenthal$gaus dem Amerikanischen von Wolfgang Heuss 210 $aMünchen ; Wien$cHanser$d1999 215 $a518 p.$d22 cm 454 0$12001$a<>invisible wall$91506412 610 0 $aBlumenthal $aStoria 610 0 $aEbrei$aEuropa 676 $a940.04924$v21 700 1$aBlumenthal,$bWerner Michael$f<1926- >$0167588 702 1$aHeuss,$bWolfgang 801 0$aIT$bUNINA$gRICA$2UNIMARC 901 $aBK 912 $a990004241620403321 952 $a940.04924 BLU 1$bBibl.37346$fFLFBC 959 $aFLFBC 996 $aInvisible wall$91506412 997 $aUNINA